LEADER 00903nam0-2200325---450- 001 990008872230403321 005 20090702125545.0 020 $aIT$b676792 035 $a000887223 035 $aFED01000887223 035 $a(Aleph)000887223FED01 035 $a000887223 100 $a20090702d1967----km-y0itay50------ba 101 0 $aita 102 $aIT 105 $ay-------001zy 200 1 $aOpere complete$fIsidore Ducasse conte di Lautreamont$ga cura di Ivos Margoni 210 $aTorino$cG. Einaudi$d1967 215 $aLXXXIX, 554 p.$d18 cm 225 1 $aNuova universale Einaudi$v87 676 $a848.8$v16$zita 700 0$aLautréamont$f<1846-1870>$0392214 702 1$aMargoni,$bIvos 801 0$aIT$bUNINA$gRICA$2UNIMARC 901 $aBK 912 $a990008872230403321 952 $aBIB. BAT. 7308$b15576$fBAT 959 $aBAT 996 $aOpere complete$991289 997 $aUNINA LEADER 00844nam0-22002771i-450- 001 990007104070403321 005 20020708 035 $a000710407 035 $aFED01000710407 035 $a(Aleph)000710407FED01 035 $a000710407 100 $a20020708d1958----km-y0itay50------ba 101 0 $aeng 102 $aNL 105 $ay-------001yy 200 1 $a<>Cult of authority$ethe political philosophy of the Saint-simonians$ea chapter in the intellectual history of totalitarianism$fby George G. Iggers 210 $athe Hague$cMartinus Nijhoff$d1958 215 $a210 p.$d24 cm 700 1$aIggers,$bGeorg Gerson$f<1926- >$0120669 801 0$aIT$bUNINA$gRICA$2UNIMARC 901 $aBK 912 $a990007104070403321 952 $aXI C 59$b58160$fFGBC 959 $aFGBC 996 $aCult of authority$9705279 997 $aUNINA LEADER 00887nam2-22003011i-450 001 990005404670203316 005 20190716091903.0 010 $a0-333-46713-2 035 $a000540467 035 $aUSA01000540467 035 $a(ALEPH)000540467USA01 100 $a20010829d1988----km y1itay5003----ba 101 0 $aeng 102 $aGB 200 1 $a<<1.: >> Basic issues$fedited by Kennet J. Arrow 210 $aHoundmills$cMacmillan Press$dc1988 215 $aXXII, 297 p.$d22 cm 461 1$1001990005400010203316$12001$a<> balance between industry and agriculture in economic development$v1 606 0 $aSviluppo economico$2BNCF 676 $a330.9 702 1$aARROW,$bKenneth. J. 801 0$aIT$bSOL$c20120104 912 $a990005404670203316 951 $a300 330.9 BAL$b3676 DISES 959 $aBK 969 $aDISES 996 $aBasic issues$91141520 997 $aUNISA